La Difícil - MYA, FMK - Estadísticas

Estadísticas generales
  • Esta prueba ha sido intentada 25 veces
  • La puntuación promedio es 102 de 369
Estadísticas de respuestas
Letra % Correcto
a
100%
como
50%
Como
50%
con
50%
cuando
50%
De
50%
de
50%
difícil
50%
el
50%
Ella
50%
en
50%
entre
50%
es
50%
Esta
50%
están
50%
estar
50%
Estás
50%
fácil
50%
hace
50%
la
50%
las
50%
Lo
50%
lo
50%
Los
50%
los
50%
me
50%
Me
50%
50%
mucho'
50%
MYA
50%
no
50%
noche
50%
nos
50%
pa'
50%
por
50%
porque
50%
que
50%
Que
50%
Se
50%
se
50%
50%
ser
50%
Si
50%
si
50%
su
50%
todas
50%
todo
50%
todos
50%
50%
tu
50%
tuyo
50%
va
50%
vos
50%
Y
50%
y
50%
ya
50%
Ya
50%
yo
50%
Yo
50%
ahí
0%
arcoíris
0%
armo
0%
aunque
0%
Baby
0%
baby
0%
botella
0%
caigo
0%
celular
0%
contesta
0%
creas
0%
crisis
0%
cuenta
0%
cuento
0%
cuerpito
0%
das
0%
dejas
0%
Dejo
0%
después
0%
dice
0%
dicen
0%
dio
0%
dos
0%
dura
0%
enoja
0%
entrenar
0%
era
0%
Ese
0%
falta
0%
final
0%
ganitas
0%
Gary
0%
gusta
0%
hacerlos
0%
hago
0%
hey
0%
histeriqueo
0%
hombre
0%
hombres
0%
inventas
0%
ir
0%
le
0%
lento
0%
leo
0%
lista
0%
llevamo'
0%
loco
0%
Mami
0%
manda'
0%
mensaje
0%
mirar
0%
mundial
0%
na
0%
nadie
0%
ni
0%
ningún
0%
notan
0%
novio
0%
nuestro
0%
origami
0%
Otro
0%
otro
0%
parece
0%
pasa
0%
perdí
0%
pero
0%
Pero
0%
pin
0%
primero
0%
puro
0%
quiere
0%
quiero
0%
responden
0%
respondo
0%
sabe
0%
sean
0%
Siempre
0%
solo
0%
soy
0%
suena
0%
sufrir
0%
tampoco
0%
tan
0%
te
0%
tenés
0%
tengas
0%
tiene
0%
tienes
0%
tiren
0%
un
0%
una
0%
vámono'
0%
vaya
0%
vece'
0%
veces
0%
vemos
0%
ver
0%
vídeo'
0%
visto
0%
vueltas
0%
vuelvas
0%
vuelve
0%
yeah
0%
No se encontraron pruebas coincidentes
Distribución de puntuación
Porcentaje de gente con cada puntuación
Porcentaje por número respondido
Historial de tus puntuaciones
No has intentado esta prueba.